|
|
|
|
| LEADER |
00993nam a22002652a 4500 |
| 001 |
001125840 |
| 003 |
CZ BrMZK |
| 005 |
20140327092439.0 |
| 007 |
ta |
| 008 |
101103s1981 pl f er|||||||||||pol d |
| 040 |
|
|
|a BOA001
|b cze
|
| 041 |
1 |
|
|a pol
|h eng
|
| 100 |
1 |
|
|a Tolkien, J. R. R.
|q (John Ronald Reuel),
|d 1892-1973
|7 jn19990008561
|4 aut
|
| 245 |
1 |
0 |
|a Władca Pierścieni.
|n Tom 1,
|p Wyprawa /
|c J. R. R. Tolkien ; tłumaczyła Maria Skibniewska ; ilustr. Jerzy Czerniawski ; [wiersze przeł. Włodzimierz Lewik]
|
| 246 |
3 |
0 |
|a Wyprawa
|
| 260 |
|
|
|a Warszawa :
|b Czytelnik,
|c 1981
|
| 300 |
|
|
|a 548 s., mp. příl.
|
| 500 |
|
|
|a Přeloženo z angličtiny
|
| 700 |
1 |
|
|a Skibniewska, Maria,
|d 1904-1984
|7 mub2011664628
|4 trl
|
| 700 |
1 |
|
|a Czerniawski, Jerzy,
|d 1947-
|7 mzk2014813922
|4 ill
|
| 765 |
0 |
|
|t Fellowship of the Ring
|9 Polsky
|
| 910 |
|
|
|a BOA001
|b 2-0845.684,1
|
| 990 |
|
|
|a BK
|
| 991 |
|
|
|b 201011
|
| 996 |
7 |
|
|b 2619393012
|c 2-0845.684,1
|l MZK
|r Sklad / do 1 hodiny
|n 1
|w 001154730
|u 000010
|a 1
|e BOA001
|j MZK50
|s A
|